World Series Managers - Statistics

General Stats
  • This quiz has been taken 7,105 times
    929 since last reset
  • The average score is 18 of 38
Answer Stats
Years Team(s) Manager % Correct
2022 Astros Dusty Baker
87%
1996, 1998, 1999, 2000 Yankees Joe Torre
83%
1989, 2006, 2011 Athletics, Cardinals Tony La Russa
78%
1977 Yankees Billy Martin
76%
2010, 2012, 2014, 2023 Giants, Rangers Bruce Bochy
75%
2020, 2024, 2025 Dodgers Dave Roberts
73%
2018 Red Sox Alex Cora
68%
2016 Cubs Joe Maddon
68%
2009 Yankees Joe Girardi
65%
2004, 2007 Red Sox Terry Francona
64%
1981, 1988 Dodgers Tom Lasorda
62%
1995 Braves Bobby Cox
61%
1975, 1976, 1984 Reds, Tigers Sparky Anderson
58%
2017 Astros A. J. Hinch
54%
2019 Nationals Dave Martinez
51%
1970 Orioles Earl Weaver
51%
1986 Mets Davey Johnson
49%
2021 Braves Brian Snitker
48%
1997 Marlins Jim Leyland
47%
2002 Angels Mike Scioscia
46%
2005 White Sox Ozzie Guillen
46%
1992, 1993 Blue Jays Cito Gaston
44%
2008 Phillies Charlie Manuel
41%
2015 Royals Ned Yost
41%
1990 Reds Lou Piniella
39%
1982 Cardinals Whitey Herzog
39%
1972, 1973 Athletics Dick Williams
38%
2013 Red Sox John Farrell
35%
1987, 1991 Twins Tom Kelly
34%
2001 Diamondbacks Bob Brenly
29%
2003 Marlins Jack McKeon
29%
1978 Yankees Bob Lemon
28%
1980 Phillies Dallas Green
28%
1985 Royals Dick Howser
27%
1979 Pirates Chuck Tanner
23%
1971 Pirates Danny Murtaugh
21%
1974 Athletics Alvin Dark
18%
1983 Orioles Joe Altobelli
18%
No matching quizzes found
Score Distribution
Percent of People with Each Score
Percentile by Number Answered
Your Score History
You have not taken this quiz since the last reset